000 00370nam a2200157Ia 4500
008 230524s9999 xx 000 0 und d
082 _a621.382
_bGAU
100 _aA.K.Gautam
_92998
245 0 _aCommunication Systems
250 _a2ND
260 _aNEW DELHI
_bKataria
_c2005
300 _a293
500 _aQuantity Number: 1
650 _aElectronics
942 _cBK
999 _c5114
_d5114